Memorias en Conflicto (Record no. 4071)
[ view plain ]
| 000 -CABECERA | |
|---|---|
| campo de control de longitud fija | 00519nam a22001697a 4500 |
| 020 ## - NUMERO INTERNACIONAL NORMALIZADO PARA LIBROS (ISBN) | |
| International Standard Book Number | 9789871921218 |
| 080 ## - NUMERO DE CLASIFICACION DECIMAL UNIVERSAL (CDU) | |
| Número de la Clasificación Decimal Universal | 342.72/ 73 An 28 |
| 100 ## - ASIENTO PRINCIPAL--NOMBRE PERSONAL | |
| Nombre personal | Andriotti Romanin, Enrique |
| 245 ## - MENCION DE TITULO | |
| Título propiamente dicho | Memorias en Conflicto |
| Parte restante del título | el Movimiento de derechos Humanos y la construcciòn del Juicio por la verdad de Mar del Plata |
| 260 ## - PUBLICACION, DISTRIBUCION, ETC. (PIE DE IMPRENTA) | |
| Lugar de publicación, distribución, etc. | Mar del Plata |
| Nombre del editor, distribuidor, etc. | Eudem |
| Fecha de publicación, distribución, etc. | 2013 |
| 300 ## - DESCRIPCION FISICA | |
| Extensión | 270 P. |
| Dimensiones | 22 X 15 Cm. |
| 650 ## - ASIENTO SECUNDARIO DE MATERIA - TERMINO TEMATICO | |
| Subdivisión general | derechos humanos |
| 650 ## - ASIENTO SECUNDARIO DE MATERIA - TERMINO TEMATICO | |
| Subdivisión general | juicios por la verdad |
| 650 ## - ASIENTO SECUNDARIO DE MATERIA - TERMINO TEMATICO | |
| Subdivisión general | CONADEP |
| 945 ## - INFORMACION DE PROCESAMIENTO LOCAL | |
| Responsable de carga/modificación | Celeste Delía |
| AAAA-MM-DD - Fecha de ingreso/modificación | 2015-06-19 |
| 942 ## - ELEMENTOS AGREGADOS (KOHA) | |
| Clasificación normalizada de Koha para alfabetizar | _ |
| Retirado | Perdido | Dañado | No se presta | Ubicación permanente | Locación actual | Estante o sala | Fecha de adquisición | Total préstamos | Signatura topográfica | Inventario | Ultima fecha vista | Ultima fecha prestado | Fecha del precio | Tipo de item de Koha | Fuente de clasificación | Total renovaciones |
|---|---|---|---|---|---|---|---|---|---|---|---|---|---|---|---|---|
| Bib. Derecho | Bib. Derecho | Biblioteca Graduados | 19/06/2015 | 2 | 342.72/ 73 An 28 | 301508 | 16/02/2017 | 15/04/2016 | 19/06/2015 | LIBRO (Consulta) | ||||||
| Bib. Derecho | Bib. Derecho | Sector Prestamo | 07/06/2022 | 1 | 342.72/ 73 An 28 | 202931 | 27/06/2022 | 07/06/2022 | 07/06/2022 | LIBRO | 1 |
